Balalaika en clave de son /

Uloženo v:
Podrobná bibliografie
Hlavní autor: Corrales Arias, Adriano, 1958-
Médium: Neznámo
Jazyk:Spanish
Vydáno: San José : Editorial Costa Rica, 2005.
Vydání:1 edición
Témata:
Tagy: Přidat tag
Žádné tagy, Buďte první, kdo vytvoří štítek k tomuto záznamu!

MARC

LEADER 000000000a22000000004500
001 014738
008 180220b xxu||||| |||| 00| 0 spa d
020 |a 9977238235 
041 0 |a spa 
082 0 4 |a CR863.44   |b C823b 
100 1 |a Corrales Arias, Adriano,   |d 1958- 
245 1 0 |a Balalaika en clave de son /   |c Adriano Corrales Arias. 
250 |a 1 edición 
260 1 |a San José :   |b Editorial Costa Rica,   |c 2005. 
300 |a 196 páginas ;   |c 21 x 14 cm 
500 |a El libro con el número de inscripción 16034 está firmado por el autor  
650 4 |a LITERATURA COSTARRICENSE  |9 76 
650 4 |a NOVELA 
942 |c BK  |2 ddc 
999 |c 20608  |d 20608